Sufi talks : (Record no. 1149)

MARC details
000 -LEADER
fixed length control field 00989cam a22002774a 4500
005 - DATE AND TIME OF LATEST TRANSACTION
control field 20260322212049.0
008 - FIXED-LENGTH DATA ELEMENTS--GENERAL INFORMATION
fixed length control field data
010 ## - LIBRARY OF CONGRESS CONTROL NUMBER
LC control number 2012001179
020 ## - INTERNATIONAL STANDARD BOOK NUMBER
International Standard Book Number 9780835608930
020 ## - INTERNATIONAL STANDARD BOOK NUMBER
International Standard Book Number 083560893X
040 ## - CATALOGING SOURCE
Original cataloging agency DLC
Transcribing agency DLC
Modifying agency DLC
050 00 - LIBRARY OF CONGRESS CALL NUMBER
Classification number BP189.23
Item number .F73 2012
082 00 - DEWEY DECIMAL CLASSIFICATION NUMBER
Classification number 297.4
Edition information 23
092 ## - LOCALLY ASSIGNED DEWEY CALL NUMBER (OCLC)
Classification number 297.4 F73 2012
001 - CONTROL NUMBER
control field data
100 1# - MAIN ENTRY--PERSONAL NAME
Personal name Frager, Robert,
Dates associated with a name 1940-
245 10 - TITLE STATEMENT
Title Sufi talks :
Remainder of title teachings of an American Sufi Sheikh /
Statement of responsibility, etc. Robert Frager.
250 ## - EDITION STATEMENT
Edition statement 1st Quest ed.
260 ## - PUBLICATION, DISTRIBUTION, ETC.
Place of publication, distribution, etc. Wheaton, Ill. :
Name of publisher, distributor, etc. Quest Books/Theosophical Publishing House,
Date of publication, distribution, etc. 2012.
300 ## - PHYSICAL DESCRIPTION
Extent xviii, 293 p. ;
Dimensions 23 cm.
504 ## - BIBLIOGRAPHY, ETC. NOTE
Bibliography, etc. note Includes bibliographical references and index.
650 #0 - SUBJECT ADDED ENTRY--TOPICAL TERM
Topical term or geographic name entry element Sufism
Form subdivision Miscellanea.
906 ## - LOCAL DATA ELEMENT F, LDF (RLIN)
a 7
b cbc
c orignew
d 1
e ecip
f 20
g y-gencatlg
925 0# -
-- acquire
-- 2 shelf copies
-- policy default
955 ## - COPY-LEVEL INFORMATION (RLIN)
-- rd05 2012-01-13
-- rc20 2012-07-11 to BCCD
-- rf10 2012-08-22 copy 2 added
Holdings
Withdrawn status Lost status Damaged status Not for loan Home library Current library Shelving location Date acquired Total checkouts Full call number Barcode Date last seen Price effective from Koha item type
        Institut Protestant de Théologie Institut Protestant de Théologie General stacks 22/03/2026   297.4 23 BC0011187 22/03/2026 22/03/2026 Books